Le sacrifice chez les Arabes : recherches sur l'evolution, la nature et la fonction des rites sacrificiels en Arabie occidentale /

محفوظ في:

المؤلف الرئيسي: Chelhod, Joseph (مؤلف)

مؤلفون آخرون: Griaule, Marcel, 1898-1956.

التنسيق: كتاب

اللغة: French

منشور في: Paris : Presses univeritaires de France, 1955.

الطبعة: [1. ed.]

سلاسل: Bibliotheque de sociologie contemporaine.

الموضوعات:

الوسوم: إضافة وسم

لا توجد وسوم, كن أول من يضع وسما على هذه التسجيلة!

رقم الطلب: BL570 .C45 1955

LEADER 01058namaa2200289 4500
001 11823
003 OSt
005 20240714112108.0
008 130303s1955 fr 000 0 fre d
952 |0 0  |1 0  |2 lcc  |4 0  |6 BL0570 C45 01955  |7 1  |9 10915  |a ARCE  |b ARCE  |d 2021-03-08  |l 0  |o BL570 .C45 1955  |p 1016202  |r 2021-03-08 00:00:00  |w 2021-03-08  |y BK 
999 |c 19860  |d 19860 
010 |a 56002795 
040 |c ARCE Library 
043 |a ar----- 
050 4 |a BL570 .C45 1955 
100 1 |a Chelhod, Joseph,  |e author  |9 27960 
245 1 0 |a Le sacrifice chez les Arabes :   |b recherches sur l'evolution, la nature et la fonction des rites sacrificiels en Arabie occidentale /   |c par Joseph Chelhod ; préface de Marcel Griaule. 
250 |a [1. ed.] 
264 1 |a Paris :  |b Presses univeritaires de France,  |c 1955. 
300 |a 218 pages ;  |c 23 cm. 
490 0 |a Bibliotheque de sociologie contemporaine. 
650 0 |a Islam. 
650 0 |a Sacrifice.  
651 0 |a Arabian Peninsula  |x Religion. 
700 1 |a Griaule, Marcel,  |d 1898-1956.  |9 31102 
901 |a reviewed 
942 |c BK  |2 lcc